Usos de la sangre.

Guardado en:
Formato: Deslizar
Series:Perspectivas
Materias:
Etiquetas: Agregar Etiqueta
Sin Etiquetas, Sea el primero en etiquetar este registro!
LEADER 01040ngm a22003135g 4500
001 CEM.cems021759
008 130507b1993##################0###0#####d
005 20240910092542.0
245 0 0 |a Usos de la sangre. 
300 |a 27 
490 0 |a Perspectivas 
500 |a En soporte VHS, consultar en ventanilla. 
505 0 |a Sistema sanguíneo. Transfusiones. Grupos. Glóbulos rojos. Enfermedades de la sangre. Componentes. Plasma. Factor 8. Cromografía de cambio de iones. Glóbulos blancos: función. 
538 |a Soporte: VHS - Norma: Pal N - Color - Grabación DRD 1993 - Hitachi=0000 
082 6 1 |/ TRA 
653 |a FISIOLOGIA 
653 |a MEDICINA 
653 |a ENFERMEDADES 
653 |a PLASMA 
653 |a BIOLOGIA 
653 |a ANATOMIA 
653 |a SANGRE 
653 |a GLOBULOS BLANCOS 
653 |a GLOBULOS ROJOS 
653 |a SISTEMA SANGUINEO 
653 |a TRANSFUCIONES 
653 |a NIVEL SECUNDARIO 
653 |a NIVLE PRIMARIO 
859 |a CEMS  |b BIB. CEMS - Depto. Recursos Didacticos  |h 611  |i TRA  |k DRD  |p 0402.12  |t Ej.1